000
00307nam a2200121Ia 4500
008
220216s9999 xx 000 0 und d
245
0
_a
Natural rubber industry challenges
260
_b
Rubber International Magazine
_c
2013
300
_a
16-18
650
_a
Guayule
650
_a
Natural rubber
942
_c
JS
999
_c
63549
_d
63549